Historia del arte : tomo segundo /
Guardado en:
| Autor Principal: | |
|---|---|
| Formato: | Libro |
| Publicado: |
Barcelona :
Salvat,
1961
|
| Edición: | 6a. ed. |
| Materias: | |
| Etiquetas: |
Agregar Etiqueta
Sin Etiquetas, Sea el primero en etiquetar este registro!
|
| LEADER | 00673nam a22002295a 4500 | ||
|---|---|---|---|
| 001 | CEM.cems005067 | ||
| 005 | 20060217000000.0 | ||
| 008 | 130507s1961##################000#0#####d | ||
| 003 | CEMS | ||
| 082 | 0 | 4 | |a 709 |
| 100 | 1 | |a Pijoan, José | |
| 245 | 1 | 0 | |a Historia del arte : |b tomo segundo / |
| 250 | |a 6a. ed. | ||
| 260 | |a Barcelona : |b Salvat, |c 1961 | ||
| 300 | |a 407 p. | ||
| 505 | 0 | |a el Oriente Mediopajo los partos y persas sas nidas; arte hind£; arte en el Extremo Oriente. | |
| 653 | |a Arte | ||
| 653 | |a Arte barbaro | ||
| 653 | |a Arte bizantino | ||
| 653 | |a Arte cristiano | ||
| 653 | |a Arte islamico | ||
| 859 | |a CEMS |b BIB. CEMS - 11 de abril |h 709 |i P633a6/II |p 2582.74 |t Ej.1 | ||
